[Event "SPICE Cup Open 2020"]
[Site "Chesterfield MO USA"]
[Date "2020.10.24"]
[Round "7"]
[White "Lenderman, Aleksandr"]
[Black "Repka, Christopher"]
[Result "0-1"]
[WhiteTitle "GM"]
[BlackTitle "GM"]
[WhiteElo "2634"]
[BlackElo "2488"]
[WhiteFideId "2021285"]
[BlackFideId "14918781"]
[EventDate "2020.10.20"]

1. d4 Nf6 2. c4 e6 3. Nc3 Bb4 4. Bd2 O-O 5. Nf3 d5 6. e3 b6 7. cxd5 exd5 8. a3
Bd6 9. Rc1 c6 10. Bd3 Re8 11. Qc2 Bg4 12. Ng1 c5 13. Nge2 c4 14. Bf5 Bxe2 15.
Nxe2 g6 16. Bh3 Ne4 17. g3 Nd7 18. Bg2 Ndf6 19. O-O b5 20. Ra1 Bf8 21. Be1 a5
22. b3 cxb3 23. Qxb3 b4 24. axb4 axb4 25. Rc1 Ra3 26. Qb1 Qa8 27. Nf4 Rb8 28. f3
Nd6 29. e4 b3 30. Bc3 Nc4 31. Rf2 Ra2 32. Qd3 Rxf2 33. Kxf2 Qa2+ 34. Kg1 b2 35.
Rb1 Rb3 0-1

[Event "SPICE Cup Open 2020"]
[Site "Chesterfield MO USA"]
[Date "2020.10.24"]
[Round "7"]
[White "Quesada Perez, Yuniesky"]
[Black "Colas, Joshua"]
[Result "1-0"]
[WhiteTitle "GM"]
[BlackTitle "FM"]
[WhiteElo "2598"]
[BlackElo "2255"]
[WhiteFideId "3504409"]
[BlackFideId "2044447"]
[EventDate "2020.10.20"]

1. e4 g6 2. d4 Bg7 3. Nc3 d5 4. exd5 Nf6 5. Bc4 Nbd7 6. Nf3 Nb6 7. Bb3 a5 8. a4
Nbxd5 9. Nxd5 Nxd5 10. O-O O-O 11. Bg5 c6 12. Re1 Re8 13. Qd2 Bf5 14. h3 Qb6 15.
Re2 Qb4 16. Qxb4 axb4 17. Rae1 Be6 18. Bd2 Nc7 19. Bxe6 Nxe6 20. b3 Rad8 21.
Bxb4 Bxd4 22. Nxd4 Rxd4 23. Bc3 Rd7 24. Re4 Nc7 25. Bb4 e6 26. Bc3 f5 27. Rc4
Nd5 28. Be5 Nb6 29. Rb4 Nd5 30. Rd4 Red8 31. a5 Ne7 32. Red1 Rxd4 33. Rxd4 Rd5
34. f4 c5 35. Rc4 Nc6 36. Bc7 Kf7 37. Bb6 Ke8 38. Rxc5 Rxc5 39. Bxc5 Nxa5 40.
Kf2 Nc6 41. Ke3 Kd7 42. Kd3 e5 43. fxe5 Nxe5+ 44. Kd4 Ke6 45. Ba3 g5 46. Bc1 f4
47. Ke4 Ng6 48. g3 fxg3 49. Bxg5 h5 50. c4 Ne5 51. Bh4 Nc6 52. c5 g2 53. Bf2 Na5
54. b4 Nc6 55. b5 Na7 56. b6 Nc6 57. Kf3 Kf5 58. Kxg2 Kf4 59. Bg1 Ne7 60. Bd4
Nc6 61. Bf2 Ne7 62. Be1 Nc6 63. Bd2+ Ke4 64. Kg3 Kf5 65. Kf3 Ke5 66. Be3 Kf5 67.
Bg1 Kg5 68. Bf2 Kf5 69. Bg3 Ne7 70. Ke3 Nc6 71. Kd3 Na5 72. Kd4 Ke6 73. Ke4 Nb3
74. c6 bxc6 75. Kf4 Kd7 76. Kg5 Kc8 77. Kxh5 Kb7 78. Kg6 Nd4 79. h4 Ne6 80. Kf6
Nf8 1-0

[Event "SPICE Cup Open 2020"]
[Site "Chesterfield MO USA"]
[Date "2020.10.24"]
[Round "7"]
[White "Antova, Gabriela"]
[Black "Stremavicius, Titas"]
[Result "0-1"]
[WhiteTitle "FM"]
[BlackTitle "GM"]
[WhiteElo "2238"]
[BlackElo "2517"]
[WhiteFideId "2915235"]
[BlackFideId "12804444"]
[EventDate "2020.10.20"]

1. e4 c5 2. Nf3 Nc6 3. d4 cxd4 4. Nxd4 Nf6 5. Nc3 d6 6. Bg5 e6 7. Qd2 Qb6 8. Nb3
a6 9. O-O-O Qc7 10. Kb1 b5 11. Bxf6 gxf6 12. Bxb5 axb5 13. Nxb5 Qb8 14. Nxd6+
Bxd6 15. Qxd6 Qxd6 16. Rxd6 Ne5 17. Rhd1 Ke7 18. Nc5 Ra7 19. b3 Rg8 20. g3 Rc7
21. b4 Nd7 22. Nb3 Bb7 23. a4 Rgc8 24. f3 f5 25. a5 fxe4 26. a6 Bd5 27. Rxd7+
Rxd7 0-1

[Event "SPICE Cup Open 2020"]
[Site "Chesterfield MO USA"]
[Date "2020.10.24"]
[Round "7"]
[White "Daggupati, Balaji"]
[Black "Niemann, Hans Moke"]
[Result "0-1"]
[WhiteTitle "FM"]
[BlackTitle "IM"]
[WhiteElo "2331"]
[BlackElo "2465"]
[WhiteFideId "2090759"]
[BlackFideId "2093596"]
[EventDate "2020.10.20"]

1. e4 e6 2. d4 d5 3. Nc3 Nf6 4. Bg5 dxe4 5. Nxe4 Be7 6. Bxf6 gxf6 7. Nf3 f5 8.
Nc3 a6 9. Qe2 b5 10. O-O-O b4 11. Na4 Qd5 12. b3 Nd7 13. Ne5 Qe4 14. Qxe4 fxe4
15. g4 Nxe5 16. dxe5 Bb7 17. Bg2 Rg8 18. h3 Rg5 19. Rde1 Rxe5 20. Nb2 f5 21. Nc4
Rc5 22. Rhf1 O-O-O 23. f3 Bh4 24. Re2 Bd5 25. gxf5 exf3 26. Bxf3 Bg5+ 27. Kb2
exf5 28. Bxd5 Rcxd5 29. a3 Bf6+ 30. Ka2 a5 31. Ref2 Bc3 32. Ne3 Rd2 33. Rxf5 Bd4
34. Nc4 Rxc2+ 35. Kb1 Rc3 36. Rxa5 Rxb3+ 37. Ka2 Rxh3 38. Ra8+ Kd7 39. Rf7+ Ke6
40. Rxh7 b3+ 0-1

[Event "SPICE Cup Open 2020"]
[Site "Chesterfield MO USA"]
[Date "2020.10.24"]
[Round "7"]
[White "Matta, Nicholas"]
[Black "Burke, John M"]
[Result "1/2-1/2"]
[BlackTitle "GM"]
[WhiteElo "2177"]
[BlackElo "2538"]
[WhiteFideId "30914523"]
[BlackFideId "2070901"]
[EventDate "2020.10.20"]

1. d4 d6 2. Nf3 Nf6 3. c4 g6 4. Nc3 Bf5 5. Nh4 Bd7 6. e4 Bg7 7. Nf3 O-O 8. Be2
e5 9. O-O exd4 10. Nxd4 Nc6 11. Be3 Re8 12. f3 Nh5 13. Nxc6 bxc6 14. Qd2 Qh4 15.
g4 Ng3 16. Bg5 Qh3 17. hxg3 Qxg3+ 18. Kh1 Qh3+ 19. Kg1 Qg3+ 20. Kh1 1/2-1/2

[Event "SPICE Cup Open 2020"]
[Site "Chesterfield MO USA"]
[Date "2020.10.24"]
[Round "7"]
[White "Singh, Hersh"]
[Black "Sarkar, Justin"]
[Result "0-1"]
[BlackTitle "IM"]
[WhiteElo "2012"]
[BlackElo "2377"]
[WhiteFideId "30918804"]
[BlackFideId "2010011"]
[EventDate "2020.10.20"]

1. d4 Nf6 2. c4 g6 3. g3 d6 4. Nf3 Bg7 5. Bg2 a6 6. Nc3 O-O 7. O-O Nc6 8. b3 Bd7
9. d5 Na5 10. Bg5 h6 11. Be3 c5 12. dxc6 bxc6 13. Rc1 c5 14. Nd5 Nxd5 15. Qxd5
Bc6 16. Qd2 Kh7 17. Qc2 Qc7 18. Bd2 Nb7 19. Bc3 Bxc3 20. Qxc3 Nd8 21. Rfd1 a5
22. Rd2 Qb7 23. Ne1 Bxg2 24. Nxg2 a4 25. Rb2 axb3 26. Rxb3 Qe4 27. Qe3 Qxe3 28.
Rxe3 Nc6 29. a3 Ra4 30. Nf4 Rfa8 31. Rcc3 Kg7 32. Nd5 R8a7 33. Kg2 e6 34. Nb6
R4a6 35. Nc8 Rd7 36. Rb3 Na5 37. Rb6 Rxb6 38. Nxb6 Rb7 39. Nc8 Nxc4 40. Rc3 d5
41. a4 Rc7 42. Nd6 Nxd6 43. Ra3 c4 44. a5 c3 45. a6 c2 46. a7 Rxa7 47. Rc3 Ra2
48. f3 d4 49. Rc6 d3 0-1

[Event "SPICE Cup Open 2020"]
[Site "Chesterfield MO USA"]
[Date "2020.10.24"]
[Round "7"]
[White "Krykun, Yuriy"]
[Black "Chen, Ryo"]
[Result "0-1"]
[WhiteTitle "FM"]
[WhiteElo "2371"]
[BlackElo "2085"]
[WhiteFideId "14140667"]
[BlackFideId "7003072"]
[EventDate "2020.10.20"]

1. Nf3 Nf6 2. c4 g6 3. Nc3 Bg7 4. e4 d6 5. d4 O-O 6. Be2 e5 7. O-O Nc6 8. dxe5
dxe5 9. Bg5 Qxd1 10. Rfxd1 Bg4 11. Rd2 Bxf3 12. Bxf3 Nd4 13. Nd5 Nxd5 14. cxd5
c6 15. dxc6 bxc6 16. Rc1 Rab8 17. Be3 Rfd8 18. b3 Bf8 19. Kf1 c5 20. Be2 a5 21.
Bc4 Bd6 22. Rd3 Kg7 23. Bd5 Rd7 24. Rc4 Ra7 25. g4 Rb4 26. Bd2 Rxc4 27. bxc4 a4
28. Bc1 Ra6 29. h4 Rb6 30. Bg5 f6 31. Be3 Rb1+ 32. Kg2 Rb2 33. Bxd4 cxd4 34. g5
f5 35. exf5 gxf5 36. Be6 Kg6 37. Rf3 f4 38. Rd3 Bc5 39. Bd5 Rxa2 40. Be4+ Kg7
41. Rd1 Rb2 42. Rb1 Rxb1 43. Bxb1 a3 44. f3 d3 45. Kf1 e4 46. fxe4 f3 0-1

[Event "SPICE Cup Open 2020"]
[Site "Chesterfield MO USA"]
[Date "2020.10.24"]
[Round "7"]
[White "Lu, Ming"]
[Black "Liang, Jason"]
[Result "0-1"]
[BlackTitle "FM"]
[WhiteElo "2084"]
[BlackElo "2367"]
[WhiteFideId "30930880"]
[BlackFideId "30940303"]
[EventDate "2020.10.20"]

1. c4 e6 2. Nf3 d5 3. g3 Nf6 4. Bg2 Be7 5. O-O O-O 6. b3 b6 7. Bb2 Bb7 8. e3 c5
9. Nc3 Qc8 10. Qe2 Rd8 11. Rfd1 d4 12. exd4 cxd4 13. Nb5 d3 14. Qf1 Nc6 15. Rac1
Ne4 16. Re1 Nb4 17. Re3 Bc5 18. Bd4 Nxa2 19. Rce1 a6 20. Bxc5 Nxc5 21. Na3 Nb4
22. Ne5 f6 23. Nf3 e5 24. Nh4 Bxg2 25. Qxg2 Ra7 26. f4 e4 27. g4 Qd7 28. Nf5 Nc2
29. Nxc2 dxc2 30. d4 exd3 31. Ne7+ Qxe7 0-1

[Event "SPICE Cup Open 2020"]
[Site "Chesterfield MO USA"]
[Date "2020.10.24"]
[Round "7"]
[White "Oberoi, Shelev"]
[Black "Stearman, Josiah"]
[Result "0-1"]
[BlackTitle "FM"]
[WhiteElo "2101"]
[BlackElo "2354"]
[WhiteFideId "30908590"]
[BlackFideId "2062496"]
[EventDate "2020.10.20"]

1. e4 d6 2. d4 Nf6 3. Nc3 Nbd7 4. Nf3 e5 5. Bc4 Be7 6. O-O O-O 7. h3 c6 8. dxe5
dxe5 9. a4 Qc7 10. Qe2 Nc5 11. g4 Be6 12. b4 Bxc4 13. Qxc4 Ne6 14. Be3 a5 15. b5
cxb5 16. Qxc7 Nxc7 17. Nxb5 Nxb5 18. axb5 Nxe4 19. Nxe5 Bf6 20. f4 Rfc8 21. Rfd1
Rxc2 22. Rd7 g5 23. Rxb7 gxf4 24. Bxf4 Re8 25. Nxf7 Bd4+ 26. Kh1 Nf2+ 27. Kg2
Nd3+ 28. Kg3 Nxf4 29. Nh6+ Kh8 30. Nf7+ Kg7 31. Nd6+ Kg6 32. Nxe8 Ne2+ 33. Kf3
Bxa1 34. b6 Ng1+ 35. Ke4 Re2+ 36. Kd5 Rxe8 37. h4 Nf3 38. h5+ Kh6 39. Rc7 Re5+
40. Kd6 Rb5 41. Rc6 Ne5 42. Rc1 Rxb6+ 43. Kc7 Rc6+ 44. Rxc6+ Nxc6 45. Kxc6 a4
46. Kb5 a3 47. Kb4 Bb2 48. Kb3 Kg5 0-1

[Event "SPICE Cup Open 2020"]
[Site "Chesterfield MO USA"]
[Date "2020.10.24"]
[Round "7"]
[White "Proleiko, Julian"]
[Black "Shepherd, Duncan"]
[Result "1-0"]
[WhiteElo "2131"]
[BlackElo "2033"]
[WhiteFideId "30900255"]
[BlackFideId "2080311"]
[EventDate "2020.10.20"]

1. c4 c6 2. Nf3 d5 3. d4 Nf6 4. g3 Bf5 5. Nc3 e6 6. Nh4 Be4 7. f3 Bg6 8. Qb3 Qd7
9. Nxg6 hxg6 10. e4 dxe4 11. fxe4 Qxd4 12. Qxb7 Bc5 13. Qc8+ Qd8 14. Qxd8+ Kxd8
15. Bg5 Nd7 16. O-O-O Kc7 17. Be2 e5 18. h4 Ne8 19. Bg4 Ndf6 20. Bh3 a5 21. Na4
Bd4 22. Rhf1 Rf8 23. Rxd4 exd4 24. e5 Ng8 25. Nc5 1-0

[Event "SPICE Cup Open 2020"]
[Site "Chesterfield MO USA"]
[Date "2020.10.24"]
[Round "7"]
[White "Park, Evan"]
[Black "Ezra, Paul Chambers"]
[Result "1/2-1/2"]
[BlackTitle "FM"]
[WhiteElo "2146"]
[BlackElo "2231"]
[WhiteFideId "30931142"]
[BlackFideId "20300204"]
[EventDate "2020.10.20"]

1. e4 c5 2. Nf3 Nc6 3. d4 cxd4 4. Nxd4 e5 5. Nb5 d6 6. c4 Be7 7. b3 Nf6 8. Bd3
O-O 9. O-O Be6 10. Bg5 a6 11. N5c3 Nd7 12. Bxe7 Qxe7 13. Na3 Rac8 14. Nc2 g6 15.
Ne3 f5 16. Ned5 Qg7 17. f4 exf4 18. Nxf4 Bf7 19. Nfe2 fxe4 20. Bxe4 Qe5 21. Bd5
Nf6 22. Bxf7+ Rxf7 23. h3 Rcf8 24. Rf3 Qc5+ 25. Kh1 Ne5 26. Rf4 Nh5 27. Rxf7
Rxf7 28. Qd4 Ng3+ 29. Kh2 Nxe2 30. Nxe2 Rf2 31. Qxc5 dxc5 32. Nc3 Rc2 33. Na4
Nd3 34. Rd1 b5 35. cxb5 axb5 36. Rxd3 bxa4 37. bxa4 Rxa2 38. Rc3 1/2-1/2

[Event "SPICE Cup Open 2020"]
[Site "Chesterfield MO USA"]
[Date "2020.10.24"]
[Round "7"]
[White "Yanayt, Eugene"]
[Black "Zaloznyy, Mike"]
[Result "1/2-1/2"]
[WhiteTitle "FM"]
[WhiteElo "2173"]
[BlackElo "1989"]
[WhiteFideId "2020165"]
[BlackFideId "2023075"]
[EventDate "2020.10.20"]

1. d4 d5 2. c4 e6 3. Nf3 Nf6 4. g3 Be7 5. Bg2 O-O 6. O-O dxc4 7. Bg5 Nc6 8. Na3
Bxa3 9. bxa3 Qd6 10. Rc1 e5 11. Rxc4 Rd8 12. Qc1 e4 13. Bf4 Qf8 14. Ng5 Nxd4 15.
Qb2 Ne6 16. Bc1 1/2-1/2

[Event "SPICE Cup Open 2020"]
[Site "Chesterfield MO USA"]
[Date "2020.10.24"]
[Round "8"]
[White "Repka, Christopher"]
[Black "Nyzhnyk, Illya"]
[Result "0-1"]
[WhiteTitle "GM"]
[BlackTitle "GM"]
[WhiteElo "2488"]
[BlackElo "2665"]
[WhiteFideId "14918781"]
[BlackFideId "14118084"]
[EventDate "2020.10.20"]

1. Nf3 d5 2. g3 Nf6 3. Bg2 e6 4. O-O Be7 5. d4 O-O 6. c4 b6 7. Ne5 Bb7 8. Nc3
Nbd7 9. b3 c6 10. Bb2 Nxe5 11. dxe5 Nd7 12. cxd5 exd5 13. e4 d4 14. Ne2 c5 15.
e6 fxe6 16. Nf4 e5 17. Ne6 Qe8 18. Qg4 Rf7 19. Nc7 Nf6 20. Qf5 g6 21. Qh3 Qf8
22. f4 Bc8 23. f5 Rb8 24. g4 Qd8 25. Nd5 Nxd5 26. fxg6 Rg7 27. exd5 Rxg6 28. Bf3
Bxg4 0-1

[Event "SPICE Cup Open 2020"]
[Site "Chesterfield MO USA"]
[Date "2020.10.24"]
[Round "8"]
[White "Gledura, Benjamin"]
[Black "Quesada Perez, Yuniesky"]
[Result "1-0"]
[WhiteTitle "GM"]
[BlackTitle "GM"]
[WhiteElo "2620"]
[BlackElo "2598"]
[WhiteFideId "712779"]
[BlackFideId "3504409"]
[EventDate "2020.10.20"]

1. d4 Nf6 2. c4 e6 3. Nf3 Bb4+ 4. Nbd2 O-O 5. a3 Be7 6. e4 d6 7. Be2 Nfd7 8. b4
e5 9. d5 a5 10. Bb2 c5 11. b5 Nb6 12. Qc2 f5 13. O-O-O f4 14. g3 N8d7 15. Rdg1
Rf7 16. h4 fxg3 17. Rxg3 Nf8 18. h5 Bf6 19. Nf1 h6 20. Kb1 Nh7 21. Bc1 Kh8 22.
Ne3 Bd7 23. Ng2 Ng5 24. Ngh4 Nxf3 25. Rxf3 Nc8 26. Ng6+ Kh7 27. Rg1 Ne7 28. Rfg3
Ng8 29. f4 Qc7 30. fxe5 dxe5 31. Bg4 Bxg4 32. Rxg4 Re8 33. Qg2 Bd8 34. Rg3 Nf6
35. Qe2 Nd7 36. Kc2 Nb6 37. Kd3 Nc8 38. Qg4 Nd6 39. Bd2 b6 40. Bc3 Bg5 41. Bxe5
Rxe5 42. Nxe5 Rf2 43. Nf3 Qe7 44. Qe6 Qf8 45. Nxg5+ hxg5 46. Qg6+ Kh8 47. Qxg5
Rf3+ 48. Rxf3 Qxf3+ 49. Qe3 Qf6 50. e5 Qf5+ 51. Kc3 Ne4+ 52. Kb3 1-0

[Event "SPICE Cup Open 2020"]
[Site "Chesterfield MO USA"]
[Date "2020.10.24"]
[Round "8"]
[White "Bruzon Batista, Lazaro"]
[Black "Hakobyan, Aram"]
[Result "1/2-1/2"]
[WhiteTitle "GM"]
[BlackTitle "GM"]
[WhiteElo "2644"]
[BlackElo "2588"]
[WhiteFideId "3503739"]
[BlackFideId "13306677"]
[EventDate "2020.10.20"]

1. Nf3 d5 2. d4 Nf6 3. c4 e6 4. Nc3 c6 5. e3 Nbd7 6. Bd3 dxc4 7. Bxc4 b5 8. Bd3
a6 9. a4 Bb7 10. O-O b4 11. Nb1 c5 12. Nbd2 cxd4 13. exd4 a5 14. Nc4 Be7 15. Bf4
O-O 16. Re1 Nb6 17. Nce5 Rc8 18. h3 Nbd5 19. Bh2 h6 20. Nd2 Nb6 21. Nb3 Qd5 22.
f3 Ba8 23. Bb5 Ne8 24. Nxa5 Nd6 25. Nec6 Bxc6 26. Nxc6 Rxc6 27. Re5 Nxb5 28.
Rxd5 Nc3 29. bxc3 Nxd5 30. cxb4 Bxb4 31. Be5 Rfc8 32. Qd3 Rc2 33. Kh1 R8c4 34.
a5 R2c3 35. Qe4 Rc1+ 36. Rxc1 Rxc1+ 37. Kh2 Ra1 38. Qc2 Bc3 39. Qb3 Rxa5 40.
Qb8+ Kh7 41. Qb1+ Kg8 42. Qb7 Bb4 43. Qc8+ Kh7 44. Qb7 Be7 45. Qb1+ Kg8 46. Qb8+
Kh7 47. Qe8 Kg6 48. Qb8 Kh7 49. Qe8 Kg6 50. f4 Bf6 51. Qb8 Kh7 52. Qb1+ 1/2-1/2

[Event "SPICE Cup Open 2020"]
[Site "Chesterfield MO USA"]
[Date "2020.10.24"]
[Round "8"]
[White "Prohaszka, Peter2"]
[Black "Cordova, Emilio"]
[Result "1/2-1/2"]
[WhiteTitle "GM"]
[BlackTitle "GM"]
[WhiteElo "2592"]
[BlackElo "2592"]
[WhiteFideId "726265"]
[BlackFideId "3801497"]
[EventDate "2020.10.20"]

1. d4 Nf6 2. c4 e6 3. Nf3 b6 4. g3 Bb7 5. Bg2 Bb4+ 6. Bd2 c5 7. Bxb4 cxb4 8. O-O
a5 9. Nbd2 d6 10. Re1 O-O 11. e4 Nfd7 12. Qc2 Nc6 13. Rad1 Rc8 14. Qb1 Na7 15.
e5 Bxf3 16. Nxf3 dxe5 17. dxe5 h6 18. Rd6 Qc7 19. Red1 Rcd8 20. Qe4 Nc5 21. Qe3 1/2-1/2

[Event "SPICE Cup Open 2020"]
[Site "Chesterfield MO USA"]
[Date "2020.10.24"]
[Round "8"]
[White "Stremavicius, Titas"]
[Black "Liang, Jason"]
[Result "0-1"]
[WhiteTitle "GM"]
[BlackTitle "FM"]
[WhiteElo "2517"]
[BlackElo "2367"]
[WhiteFideId "12804444"]
[BlackFideId "30940303"]
[EventDate "2020.10.20"]

1. c4 e6 2. Nf3 d5 3. e3 Nf6 4. Nc3 Nbd7 5. b3 Bd6 6. Bb2 O-O 7. Qc2 c6 8. Rg1
e5 9. cxd5 cxd5 10. Nb5 Bb8 11. Rc1 e4 12. Nfd4 Bxh2 13. Rh1 Ng4 14. Nc7 Rb8 15.
Nxd5 Nde5 16. Qc5 Re8 17. g3 Be6 18. Nc7 Qf6 19. Rxh2 Nxh2 20. Nxe8 Rxe8 21. Be2
Nhg4 22. Nxe6 Nd3+ 0-1

[Event "SPICE Cup Open 2020"]
[Site "Chesterfield MO USA"]
[Date "2020.10.24"]
[Round "8"]
[White "Chen, Ryo"]
[Black "Lenderman, Aleksandr"]
[Result "0-1"]
[BlackTitle "GM"]
[WhiteElo "2085"]
[BlackElo "2634"]
[WhiteFideId "7003072"]
[BlackFideId "2021285"]
[EventDate "2020.10.20"]

1. e4 d6 2. d4 Nf6 3. Nc3 e5 4. Nf3 Nbd7 5. Bc4 Be7 6. O-O O-O 7. Re1 c6 8. a4
a5 9. b3 exd4 10. Nxd4 Ne5 11. Bf1 Re8 12. h3 Bd7 13. Bb2 Qb6 14. Nf3 Rad8 15.
Nxe5 dxe5 16. Qf3 Be6 17. Nd1 Bb4 18. Re3 Qc7 19. Rd3 Bc5 20. Rxd8 Rxd8 21. Ne3
Bd4 22. Bxd4 Rxd4 23. c3 Rxe4 24. g3 Bxb3 25. Ng4 Rxg4 26. hxg4 Bd5 27. Qe2 h6
28. Re1 e4 29. Bg2 c5 30. Qd2 g5 31. c4 Bc6 32. Qc3 Qd8 33. Qc2 Qd7 34. Bxe4
Nxe4 35. Rxe4 Bxe4 36. Qxe4 b6 37. Qa8+ Kg7 38. Qb8 Qe6 39. Kg2 Qe4+ 40. Kg1
Qxc4 41. Qxb6 Qb4 42. Qd6 Qd4 43. Qb6 Qd1+ 44. Kh2 Qc2 45. Kg1 Qc3 46. Qd6 Qe1+
47. Kg2 Qe4+ 48. Kh2 Qd4 49. Qc7 Qxf2+ 50. Kh3 Qf1+ 51. Kh2 Qe2+ 52. Kh3 Qe4 53.
Kh2 Qxa4 54. Qxc5 Qa1 0-1

[Event "SPICE Cup Open 2020"]
[Site "Chesterfield MO USA"]
[Date "2020.10.24"]
[Round "8"]
[White "Niemann, Hans Moke"]
[Black "Antova, Gabriela"]
[Result "1-0"]
[WhiteTitle "IM"]
[BlackTitle "FM"]
[WhiteElo "2465"]
[BlackElo "2238"]
[WhiteFideId "2093596"]
[BlackFideId "2915235"]
[EventDate "2020.10.20"]

1. Nf3 d5 2. c4 e6 3. g3 Nf6 4. Bg2 Be7 5. O-O O-O 6. b3 d4 7. Bb2 c5 8. e3 Nc6
9. exd4 cxd4 10. Re1 Re8 11. d3 a5 12. Na3 Bc5 13. Nc2 e5 14. a3 Qc7 15. Qd2 Bf5
16. b4 Bf8 17. b5 Nd8 18. Nh4 Bd7 19. f4 exf4 20. Bxd4 fxg3 21. Bxf6 gxh2+ 22.
Kh1 Rxe1+ 23. Rxe1 gxf6 24. Ne3 Qf4 25. Nhf5 Rc8 26. Rf1 Qg5 27. Qxa5 Rc5 28. d4
Bxf5 29. dxc5 Qxe3 30. Qxd8 Bd3 31. Rd1 Be2 32. Qd4 Qg5 33. Re1 Bxc5 34. Qe4 Bg4
35. Qxb7 Qd2 36. Rf1 Qe3 37. Qb8+ Kg7 38. Qxh2 Bd6 39. Qxd6 1-0

[Event "SPICE Cup Open 2020"]
[Site "Chesterfield MO USA"]
[Date "2020.10.24"]
[Round "8"]
[White "Colas, Joshua"]
[Black "Sarkar, Justin"]
[Result "1/2-1/2"]
[WhiteTitle "FM"]
[BlackTitle "IM"]
[WhiteElo "2255"]
[BlackElo "2377"]
[WhiteFideId "2044447"]
[BlackFideId "2010011"]
[EventDate "2020.10.20"]

1. c4 e5 2. Nc3 c5 3. g3 Nc6 4. Bg2 g6 5. Nf3 Bg7 6. O-O d6 7. Ne1 Be6 8. d3
Nge7 9. e4 O-O 10. Nc2 Nd4 11. Nxd4 cxd4 12. Nd5 Bxd5 1/2-1/2

[Event "SPICE Cup Open 2020"]
[Site "Chesterfield MO USA"]
[Date "2020.10.24"]
[Round "8"]
[White "Proleiko, Julian"]
[Black "Burke, John M"]
[Result "0-1"]
[BlackTitle "GM"]
[WhiteElo "2131"]
[BlackElo "2538"]
[WhiteFideId "30900255"]
[BlackFideId "2070901"]
[EventDate "2020.10.20"]

1. Nf3 c5 2. c4 Nf6 3. g3 Nc6 4. Bg2 g6 5. O-O Bg7 6. d4 cxd4 7. Nxd4 O-O 8. Nc3
Qa5 9. e3 d6 10. Nxc6 bxc6 11. Bd2 Bg4 12. Qa4 Qh5 13. Qxc6 Rab8 14. b3 Rfc8 15.
Qa6 Bh3 16. Rac1 Ng4 17. f3 Bxg2 18. fxg4 Qh3 19. Nd5 Be5 20. Qxa7 Be4 21. Rf2
Bxg3 22. Nxe7+ Kg7 23. Qd4+ Kf8 24. Bb4 Bxf2+ 25. Kxf2 Qxh2+ 26. Ke1 Bf3 27.
Nxg6+ Ke8 28. Nf4 Rxb4 29. Qxd6 Qg3+ 30. Kf1 Bg2+ 31. Kg1 Bc6+ 32. Kf1 Qf3+ 33.
Kg1 Qxe3+ 34. Kh2 Qxc1 35. Nh5 Qb2+ 36. Kg3 Qg2+ 37. Kh4 Qf2+ 38. Kg5 Qe3+ 39.
Kh4 f6 40. Nxf6+ Kf7 41. Nxh7 Qe1+ 42. Kh5 Qh1+ 43. Kg5 Rg8+ 0-1

[Event "SPICE Cup Open 2020"]
[Site "Chesterfield MO USA"]
[Date "2020.10.24"]
[Round "8"]
[White "Stearman, Josiah"]
[Black "Daggupati, Balaji"]
[Result "1/2-1/2"]
[WhiteTitle "FM"]
[BlackTitle "FM"]
[WhiteElo "2354"]
[BlackElo "2331"]
[WhiteFideId "2062496"]
[BlackFideId "2090759"]
[EventDate "2020.10.20"]

1. d4 d5 2. c4 e6 3. Nf3 c6 4. Nc3 dxc4 5. a4 Bb4 6. e4 b5 7. Be2 Nf6 8. Bg5 h6
9. Bxf6 Qxf6 10. O-O Bb7 11. axb5 O-O 12. Bxc4 cxb5 13. Bxb5 Bxc3 14. e5 Bxf3
15. gxf3 Qg5+ 16. Kh1 Bb4 17. Qd3 a5 18. Rg1 Qh5 19. Qe4 Ra7 20. Bd3 g6 21. Rg4
Rd8 22. Rag1 Kf8 23. R1g3 Rad7 24. Qe3 Bd2 25. Qxd2 Rxd4 26. Rxd4 Rxd4 27. f4
Qf5 28. Kg2 Qxf4 29. Qxa5 Nd7 30. Bxg6 Ke7 31. Qa3+ Kd8 32. Bh5 Qxe5 33. Bf3 Qc5
34. Rg8+ Ke7 35. Qe3 Rh4 36. Qd2 Qb4 37. Qc2 Rc4 38. Qe2 Qc5 39. b3 Rc2 40. Qe1
Rb2 41. Rg3 Rxb3 42. Qd2 Ne5 43. Qxh6 Nxf3 1/2-1/2

[Event "SPICE Cup Open 2020"]
[Site "Chesterfield MO USA"]
[Date "2020.10.24"]
[Round "8"]
[White "Krykun, Yuriy"]
[Black "Matta, Nicholas"]
[Result "1/2-1/2"]
[WhiteTitle "FM"]
[WhiteElo "2371"]
[BlackElo "2177"]
[WhiteFideId "14140667"]
[BlackFideId "30914523"]
[EventDate "2020.10.20"]

1. d4 d5 2. c4 e6 3. Nf3 Nf6 4. Nc3 Be7 5. Bg5 O-O 6. e3 h6 7. Bh4 Ne4 8. Bxe7
Qxe7 9. cxd5 Nxc3 10. bxc3 exd5 11. Bd3 c5 12. O-O Nc6 13. Re1 Rd8 14. e4 dxe4
15. Bxe4 Qf6 16. d5 Bf5 17. Bxf5 Qxf5 18. c4 b5 19. cxb5 Rxd5 20. Qb1 Nd4 21.
Qxf5 Rxf5 22. Nxd4 cxd4 23. a4 Rd5 24. Kf1 d3 25. Rad1 Kf8 26. Re3 Rad8 27. Ke1
Rd4 28. a5 Rb4 29. b6 axb6 30. axb6 Rb3 31. b7 Rxb7 32. Rdxd3 Rxd3 33. Rxd3 h5 1/2-1/2

[Event "SPICE Cup Open 2020"]
[Site "Chesterfield MO USA"]
[Date "2020.10.24"]
[Round "8"]
[White "Singh, Hersh"]
[Black "Lu, Ming"]
[Result "1-0"]
[WhiteElo "2012"]
[BlackElo "2084"]
[WhiteFideId "30918804"]
[BlackFideId "30930880"]
[EventDate "2020.10.20"]

1. d4 d5 2. c4 c6 3. Nf3 Nf6 4. e3 Bf5 5. Nc3 e6 6. Nh4 Bg6 7. Be2 Nbd7 8. O-O
Ne4 9. g3 Nd6 10. b3 Be7 11. Nxg6 hxg6 12. Qc2 Nf6 13. Bb2 Qd7 14. c5 Nf5 15. b4
e5 16. dxe5 Nd4 17. exd4 Qh3 18. Bh5 Ng4 19. f4 Ne3 20. Qe2 Nxf1 21. Rxf1 Rxh5
22. b5 Kd7 23. Rf2 Rah8 24. bxc6+ bxc6 25. Qa6 Rc8 26. Qxa7+ Rc7 27. Qa6 f6 28.
Na4 fxe5 29. Nb6+ Ke6 30. Na8 Rd7 31. Qxc6+ Kf7 32. fxe5+ Kg8 33. Qxg6 Bg5 34.
Qd3 Rf7 35. Rxf7 Qxh2+ 36. Kf1 Kxf7 37. Qf3+ Kg8 38. Qxd5+ Kh8 39. Qg2 Be3 40.
Qxh2 Rxh2 41. c6 Rxb2 42. c7 Rc2 43. d5 Bb6 44. d6 Bxc7 45. Nxc7 Rd2 46. e6 1-0